Statistiken für Seychellen-Quiz

Klicken Sie hier um das Quiz zu spielen!

Allgemein

  • Dieses Quiz wurde 711 mal gespielt
  • Das Durchschnittsergebnis liegt bei 11 aus 18

Antwortstatistiken

FrageAntwort% Korrekt
Ozean, in welchem sich die Seychellen befinden{Indischer} Ozean
98%
AmtsspracheEnglisch
96%
Inselstaat, der den Seychellen am nächsten liegtMadagaskar
93%
AmtsspracheFranzösisch
88%
Die Seychellen sind das _____ Land Afrikas (ein Superlativ)Kleinste
84%
Einwohnerzahl der Seychellen um 17000
77%
Hauptstadt der SeychellenVictoria
74%
Pro Kopf besitzen die Seychellen das höchste _____ AfrikasEinkommen
71%
Die Seychellen haben weltweit die größte Population dieses Reptils, das über 250 kg schwer werden kannRiesen{schildkröte}
70%
Seefahrer, der 1503 an den Seychellen vorbei segelte (ohne anzuhalten)Vasco da Gama
59%
Der Strand Anse Source d'Argent auf der Insel La Digue ist für seine Felsen aus diesem Gestein berühmtGranit
44%
AmtsspracheSeychellenkreol
44%
Nahrungsmittel, das 82% der Exporte ausmachtFisch
40%
Die Seychellenpalme produziert den schwersten _____ des Pflanzenreichs, der bis zu 30 kg wiegen kannSamen
35%
Währung der SeychellenRupie
34%
Größte Insel der SeychellenMahé
31%
43 Söldner aus diesem Land veranstalteten 1981 einen RegierungsputschSüdafrika
30%
"Wohlmeinender Diktator", der die Seychellen 1977–2004 führteFrance-Albert René
17%

Verteilung der Resultate

Perzentil nach korrekt beantworteten Fragen

Anzahl Personen mit jedem Resultat

Ihre Resultats-Entwicklung

Sie haben dieses Quiz noch nicht gespielt